| 000 | 00945nam a22002057a 4500 | ||
|---|---|---|---|
| 999 |
_c6962 _d6962 |
||
| 003 | AR-CdUCM | ||
| 008 | 190319b ||||| |||| 00| 0 spa d | ||
| 040 |
_aMUNICIPALIDAD PROVINCIAL DEL CUSCO _cBIBLIOTECA MUNICIPAL DEL CUSCO |
||
| 082 |
_a620.13 / _bK36 |
||
| 100 |
_aKeil, Phil. Fritz _919632 |
||
| 245 |
_aCemento : _bFabricacion - Propiedades y aplicaciones / |
||
| 260 |
_aEspañan : _bTécnicos Asociados S.A. , _c1973. |
||
| 300 |
_a483 páginas ; _c25 cm. |
||
| 505 | _aContenido : El cemento como conglomerante en la tecnica de la construccion -- Quimica del Clinkey de Cemento -- Propiedades Fisicas del cemento y del Hormigon -- Influencia de agentes naturales y de los derivados de la tecnologia sobre el hormigon -- Tecnica de los Procesos de coccion y de molienda... | ||
| 650 |
_aMateriales de Construccion _919633 |
||
| 650 |
_aEl Cemento _919634 |
||
| 650 |
_aConstruccion Civil _919570 |
||
| 942 |
_2ddc _cLIBROS |
||
| 945 | _artm | ||